Кн. 2; Были и небыли

Dettagli Bibliografici
Parent link:Были и небыли: роман: в 2 кн./ Б. Л. Васильев. Кн. 2.— , 1992
Lingua:russo
Pubblicazione: 1992
Soggetti:
Natura: MixedMaterials Libro
KOHA link:https://koha.lib.tpu.ru/cgi-bin/koha/opac-detail.pl?biblionumber=94650

MARC

LEADER 00000nam2a2200000 4500
001 94650
005 20231031105726.0
010 |a 5867820041 
035 |a (RuTPU)RU\TPU\book\101390 
035 |a RU\TPU\book\101387 
090 |a 94650 
100 |a 20060413d1992 m y0rusy50 ca 
101 0 |a rus 
102 |a RU 
105 |a y z 000ay 
200 0 |a Кн. 2 
210 |d 1992 
215 |a 400 с. 
461 1 |0 (RuTPU)RU\TPU\book\101385  |t Были и небыли  |o роман: в 2 кн.  |f Б. Л. Васильев  |v Кн. 2  |d 1992  |s Господа офицеры 
610 1 |a советская литература 
610 1 |a романы 
675 |a Р2  |v 3 
801 1 |a RU  |b 63413507  |c 20050224  |g PSBO 
801 2 |a RU  |b 63413507  |c 20190424  |g PSBO 
942 |c BK